Cargo sobre ciertos bienes vinculados que poseía un censo de mil ducados, los cuales consumidos murió dejando dos mil ducados de bienes y muebles a cuatro personas que instituyó por sus herederos, los cuales aunque supieron del censo no le redimieron sino repartieron entre si la herencia por partes iguales

Detalles Bibliográficos
Formato: Libro
Publicado: s.l., s.f.
Colección:Banco de datos
Acervo:Biblioteca Palafoxiana. Colección de Manuscritos
Descripción Física:1 f. ; 21 x 30 cm.
LEADER 00586nam a22001210004500
035 |a 1291 
245 1 0 |a Cargo sobre ciertos bienes vinculados que poseía un censo de mil ducados, los cuales consumidos murió dejando dos mil ducados de bienes y muebles a cuatro personas que instituyó por sus herederos, los cuales aunque supieron del censo no le redimieron sino repartieron entre si la herencia por partes iguales 
260 |a s.l., s.f. 
300 |a 1 f. ; 21 x 30 cm. 
949 |a 32280/045 
942 |c PALAMANU 
943 |g Biblioteca Palafoxiana. Colección de Manuscritos 
999 |c 1069236  |d 1069236